Method Invocation Based Communication Models for Parallel Programming in Java (Record no. 23674)

MARC details
000 -LEADER
fixed length control field 00379nam a22001457a 4500
003 - CONTROL NUMBER IDENTIFIER
control field OSt
005 - DATE AND TIME OF LATEST TRANSACTION
control field 20211223103430.0
008 - FIXED-LENGTH DATA ELEMENTS--GENERAL INFORMATION
fixed length control field 211223b |||||||| |||| 00| 0 eng d
040 ## - CATALOGING SOURCE
Transcribing agency HU
082 ## - DEWEY DECIMAL CLASSIFICATION NUMBER
Classification number 004.621
100 ## - MAIN ENTRY--PERSONAL NAME
Personal name Maassen Jason
9 (RLIN) 24569
245 ## - TITLE STATEMENT
Title Method Invocation Based Communication Models for Parallel Programming in Java
300 ## - PHYSICAL DESCRIPTION
Type of unit 188
942 ## - ADDED ENTRY ELEMENTS (KOHA)
Source of classification or shelving scheme Dewey Decimal Classification
Koha item type Books like text book referance book
Suppress in OPAC No
Holdings
Withdrawn status Lost status Source of classification or shelving scheme Damaged status Not for loan Home library Current library Shelving location Date acquired Total Checkouts Full call number Barcode Date last seen Price effective from Koha item type
    Dewey Decimal Classification     IoT Library IoT Library General Stacks 12/23/2021   004.6/MAA/2003 IOTL0001149 12/23/2021 12/23/2021 Books like text book referance book